000 00913nam a2200265 i 4500
003 DO-SdBNP
005 20230510123449.0
006 a||||gr|||| 00| 0
007 ta
008 230510e2022 dr oc|gr|||| 001 edspa d
020 _a9789945635188
040 _aDO-SdBNP
_bspa
_cBNPHU
_erda
082 4 _222
_bD542h
245 1 0 _aHistoria del carnaval de Sánchez. /
_cTomás B. Díaz Romero; prólogo, Manuel Matos Diedoné
264 _aSanto Domingo :
_bSantuario,
_c2022
300 _a115 páginas :
_bilustraciones, retratos ;
_c22 cm.
336 _2rdaconten
_atexto
_btxt
337 _2rdamedia
_asin medición
_bn
338 _2rdacarrier
_avolumen
_bnc
500 _aIncluye datos biográficos del autor en las solas solapas de las cubiertas
504 _aBibliografía: páginas 115
590 _aInventariado 2023 / MF
700 1 _965318
_aMatos Diedoné, Manuel Antonio
_eprólogo
942 _2ddc
_cLBS1
999 _c53474
_d53474